| 000 | 00577aam a2200229 4500 | ||
|---|---|---|---|
| 005 | 20250623161148.0 | ||
| 008 | 150731b1987 xxu||||| |||| 00| 0 spa d | ||
| 020 | _a9682607507 | ||
| 041 | _aESP | ||
| 082 | _a362.292 M465e | ||
| 100 |
_aMaxwell,Milton _917761 |
||
| 245 | _aLa experiencia en alcohólicos anónimos | ||
| 260 | _aMéxico | ||
| 260 | _bCompañia Editorial Continental | ||
| 260 | _c1987 | ||
| 300 | _a125 páginas | ||
| 490 | _aTemática General | ||
| 650 | _aALCOHÓLICOS ANÓNIMOS | ||
| 650 | _aALCOHOL | ||
| 650 | _aALCOHOLISMO | ||
| 942 |
_cBK _2ddc |
||
| 999 |
_c466 _d466 |
||